Quizzes
Events
Quiz Creation
Community
Videos
Private Events
Remove Ads
Sign In
Join for FREE
Feedback
Dark Mode
Quiz Categories
Sports
Geography
Music
Movies
Television
Just For Fun
Miscellaneous
History
Literature
Language
Science
Gaming
Entertainment
Religion
Holiday
For Kids
Quiz Lab
Recent
Popular Today
Quiz Kudos Today
Editor Picks
Curator Picks
Quizzes by...
Day
Popularity
Type
Ratings
Length
Year
Community
Subscriptions
Recent Discussions
Orange Saloon
Badges
Playlists
Quests
Create
Leaderboards
Showdown
Live 5
Trivia Bingo
Activity
Puzzle Library
Sporcle Events
Private Events
Virtual Trivia
Globe League
Become a Host
Pub Owners
SporcleCon
Opinionation
Our Games
Videos
Blog
Mobile Apps
Partnerships
Remove Ads and Go Orange
Feedback
Sports
Athletes
MLB
NBA
NHL
NFL
Soccer
Sports Teams
WWE
NCAA
Football
Premier League
Basketball
Baseball
Hockey
Golf
Tennis
Cricket
Rugby
Auto Racing
Olympics
World Cup
Sports
Athletes
MLB
NBA
NHL
NFL
Soccer
Sports Teams
WWE
NCAA
Football
Premier League
Basketball
Baseball
Hockey
Golf
Tennis
Cricket
Rugby
Auto Racing
Olympics
World Cup
Random Quiz
Search Sporcle
×
Quiz Lab
Quiz Lab
Sports
NFL
Type in answers that appear in a list
Type in answers that appear in a list
Classic
Best Score? Go Orange.
Rearranged NFL Teams Stats
Can you name the rearrange the letters in each of the hints to spell the name of an NFL team?
By
BarrelRoll678
10m
32 Questions
83 Plays
83 Plays
83 Plays
Comments
Comments
Give Quiz Kudos
Give Quiz Kudos
-
- Ratings
hide this ad
Forced Order
Answers have to be entered in order
Answers have to be entered in order
Replay
Link that replays current quiz
Next Quiz
Link to next quiz in quiz playlist
You Got
0%
They Got
Avg Score
89%
Avg Friend Score
Upgrade to see
Score Distribution
Jump to the score distribution portion of the page
Score
0/32
Timer
10:00
0
Plays Today
Hint
Answer
% Correct
SBWOYCO
Dallas Cowboys
97.5%
SRIPAOTT
New England Patriots
97.5%
SRNBOOC
Denver Broncos
95.1%
GLESAE
Philadelphia Eagles
95.1%
E9SR4
San Francisco 49ers
95.1%
JSTE
New York Jets
95.1%
IASGTN
New York Giants
91.4%
KIGVSNI
Minnesota Vikings
91.4%
XTNASE
Houston Texans
91.4%
TSISNA
New Orleans Saints
91.4%
LSILB
Buffalo Bills
91.4%
SGUJARA
Jacksonville Jaguars
91.4%
BGNSLAE
Cincinnati Bengals
91.4%
KRCPASE
Green Bay Packers
90.1%
SEBRA
Chicago Bears
90.1%
SNDOHIPL
Miami Dolphins
90.1%
Hint
Answer
% Correct
MASR
Los Angeles Rams
90.1%
RNWBSO
Cleveland Browns
90.1%
FHCESI
Kansas City Chiefs
90.1%
RERASDI
Oakland Raiders
88.9%
SRDCNALAI
Arizona Cardinals
88.9%
KSAHESWA
Seattle Seahawks
87.7%
TLERESES
Pittsburgh Steelers
87.7%
NOLSI
Detroit Lions
87.7%
LCTOS
Indianapolis Colts
87.7%
ATSNIT
Tennessee Titans
87.7%
RSCUACEBEN
Tampa Bay Buccaneers
86.4%
SGRCRHEA
San Diego Chargers
85.2%
ERPNATSH
Carolina Panthers
84%
VRNESA
Baltimore Ravens
84%
SKIERNDS
Washington Redskins
82.7%
COLAFSN
Atlanta Falcons
82.7%
Quiz Playlist
Details
Report
Send in Message
Add To Playlist
Classic:
Type in answers that appear in a list
Forced Order:
Answers have to be entered in order
Last Updated: Feb 16, 2017
Quiz Scoreboard
CHALLENGE
Sign Up to Join the Scoreboard
Show All
Scores
Hide
Comments
May contain spoilers
Recently Published
An Introduction to Baseball
by treessimontrees
Sports
5m
Movies - When Are They Set?
by FPL_Elf
Movies
5m
Popular People in 1961
by mucciniale
History
6m
More to Explore
Quiz From the Vault
Featured Blog Post
Where Did the Easter Bunny Come From?
hide this ad
You Might Also Like...
Tags
Letter Quiz
NFL Quiz
team
Today's Top Quizzes in Sports
Browse Sports
hide this ad
Today's Top Quizzes in NFL
Browse NFL
Top Contributed Quizzes in Sports
1
Les meilleurs buteurs des matchs entre le PSG et l’OM
2
2022 World Cup Stars
3
FIFA Club World Cup Champions
4
Les entraîneurs de l'OM et du PSG au 21e siècle
5
Name the Premier League winners with different clubs
6
La finale Lions - Afrique du Sud 2021
7
Criteria MLB: Left Handed Sluggers
8
Les joueurs passés par le LOSC et le RC Lens
9
Players with Multiple 50 Home Run Seasons
10
MLB Players with Two .350 Batting Average Seasons
Explore More
Trending Topics
Harry Potter
Kpop
Anime
Crossword
NBA
Marvel
Disney
The Office
Puzzle
WWE
Song
Country
Soccer
NFL
Pokémon
hide this ad
More By:
BarrelRoll678
Quiz
Plays
Rating
Category
Featured
Created
NBA Jersey Numbers
17,403
4.40
Sports
Jun 1, 2016
Westbrook Or Not?
8,084
3.00
Sports
Jun 1, 2016
2016 NBA Dynamic Duos
5,123
3.60
Sports
May 23, 2016
2016 NBA Playoff Bracket
3,350
4.33
Sports
Jul 8, 2016
NBA Team By Arena
2,513
4.20
Sports
May 11, 2016
Go to Creator's Profile
Score Distribution
Quiz Creator Spotlight
BarrelRoll678
Follow
Send a Message
Quizzes Created
-
Created Quiz Play Count
-
More By This Creator
Popular Quizzes Today
1
Find the Countries of Europe - No Outlines Minefield
2
Find the US States - No Outlines Minefield
3
The Countries of the World
4
Popular People in 1961
5
US States
6
1-10 Letter E Words III
7
Find the US States
8
Risky Map Clicking: Biggest States A-Z
More Sports Quizzes
Route to the Premier League: German Players
Quiz Lab
Trending Quizzes
Risky Map Clicking: Least Populous States A-Z
1-10 Letter F Words
1-10 Letter G Words
One Thing in Common: United Kingdom
Risky Map Clicking: Next State Alphabetically
Recently Updated
Leaping Animals
pecheneg
Reality TV Shows (A-Z)
bhenderson79
Rickey Henderson's Hall of Fame Teammates
pecheneg
Champions League XIs: Arsenal
pecheneg
Quick Pick: Celebrities in WWE's Hall of Fame
aduchscher
A-Z Keypad Blitz II
pecheneg
Multiple Oscar Actors
pecheneg
Mystery Phrase Blitz: Oscar 'Best Actors'
pecheneg
F. Scott Fitzgerald Novels
LTH
Pick 3 Villains
ddd62291
Trending Topics
Marvel
Harry Potter
Crossword
Disney
NBA
Anime
Kpop
NFL
Country
The Office
WWE
Soccer
Puzzle
Pokémon
Song
Your Account Isn't Verified!
In order to create a playlist on Sporcle, you need to verify the email address you used during registration. Go to your
Sporcle Settings
to finish the process.
Report this User
Report this user for behavior that violates our
Community Guidelines
.
Details:
Send Report
Go to the Sporcle.com Mobile Site →
Comments